000 00827cab a2200265 4500
001 ABS59759
008 090401t1998 xxu||||| |||| 00| 0 eng d
035 _a(Sirsi) u90184
041 _aeng
100 _aMorrison, A.
245 _aImplied terms
260 _c1998
350 _a0
490 _aBuilding
_v49 4 December 1998, 57(1)
520 _aSome practical guidance from the Scottish courts on the relationship between express and implied terms following the case "Scottish Power v Kvaerner Construction Ltd"
650 _aCONTRACT CLAIMS
650 _aCONTRACTUAL TERMS
650 _aEXPRESS TERMS
650 _aIMPLIED TERMS
650 _aSCOTLAND
650 _aSCOTTISH POWER V KVAERNER CONSTRUCTION LTD
690 _aBUILT ENVIRONMENT-BUILDING CONTRACT FORMS
942 _n0
948 _c08/12/1998
999 _c57136
_d57136